[Event "Open13 2007/2008"]
[Site "CDJE13"]
[Date "2008.03.08"]
[Round "8"]
[White "Girard, Jean-Pierre"]
[Black "Busson, Benoist"]
[Result "0-1"]
[WhiteElo "1992"]
[BlackElo "2046"]
[PlyCount "73"]

1. e4 Nc6 2. Nf3 e5 3. Bb5 f5 4. Nc3 fxe4 5. Nxe4 Nf6 6. d3 d5 7. Nxf6+ Qxf6 8.
Bg5 Qf5 9. Qe2 Bd6 10. O-O-O O-O 11. h4 Nd4 12. Nxd4 exd4 13. f3 a6 14. Ba4 b5
15. Bb3 Rb8 16. g4 Qf7 17. Rdf1 c5 18. c3 c4 19. Bc2 dxc3 20. bxc3 Re8 21. Qf2
cxd3 22. Bxd3 Qc7 23. Qc2 Bb7 24. Bf5 Be5 25. Bd2 g6 26. f4 Bg7 27. Bd3 d4 28.
h5 dxc3 29. Be1 Bxh1 30. Rxh1 Qxf4+ 31. Kb1 Qb4+ 32. Ka1 Qb2+ 33. Qxb2 cxb2+
34. Kb1 gxh5 35. gxh5 Re3 36. Bc2 Rc8 37. h6 0-1

[Event "Open13 2007/2008"]
[Site "CDJE13"]
[Date "2008.03.08"]
[Round "8"]
[White "Larribere, Hadrien"]
[Black "Israel, Daniel"]
[Result "0-1"]
[WhiteElo "1872"]
[BlackElo "1760"]
[PlyCount "120"]

1. d4 b6 2. Bg5 Bb7 3. Nd2 Nf6 4. Ngf3 e6 5. e4 Be7 6. Bd3 Na6 7. c3 c5 8. Qe2
Nc7 9. O-O O-O 10. Rfe1 Nh5 11. Bxe7 Qxe7 12. g3 g6 13. Rad1 Rae8 14. e5 f5 15.
Nc4 Rb8 16. Nd6 Ba8 17. h4 Ne8 18. dxc5 bxc5 19. Nxe8 Rfxe8 20. b3 Red8 21. Bc4
h6 22. Rd6 Nf6 23. Nd2 Kh7 24. f3 Nh5 25. Qf2 f4 26. gxf4 Nxf4 27. Qg3 Rf8 28.
Ne4 Bxe4 29. Rxe4 Nh5 30. Qh3 Nf4 31. Qg3 Nh5 32. Qh3 Rf5 33. Rd2 Qg7 34. Bf1
Rbf8 35. Bg2 Nf4 36. Qg3 R8f7 37. Bh1 g5 38. Kf1 Qf8 39. Ke1 gxh4 40. Qh2 Qg7
41. Kd1 Qg3 42. Kc2 Qxh2 43. Rxh2 h3 44. Ra4 Rxe5 45. Rxa7 Re2+ 46. Rxe2 Nxe2
47. f4 Ng3 48. Bf3 h2 49. a4 Nf5 50. a5 Nd6 51. a6 Nc8 52. Ra8 Rxf4 53. Bh1 Rf1
54. Be4+ Kg7 55. Rxc8 d5 56. Bxd5 exd5 57. a7 h1=Q 58. Rg8+ Kh7 59. a8=Q Qe4+
60. Kd2 Rf2+ 0-1

[Event "Open13 2007/2008"]
[Site "CDJE13"]
[Date "2008.03.08"]
[Round "8"]
[White "Nakache, Jonathan"]
[Black "Chauvet, Jean-Marc"]
[Result "1-0"]
[WhiteElo "1940"]
[BlackElo "2004"]
[PlyCount "61"]

1. e4 c5 2. Nf3 Nc6 3. d4 cxd4 4. Nxd4 Nf6 5. Nc3 e5 6. Ndb5 d6 7. Bg5 a6 8.
Na3 b5 9. Bxf6 gxf6 10. Nd5 f5 11. Bd3 Be6 12. c3 Bxd5 13. exd5 Ne7 14. Nxb5
Bg7 15. Na3 O-O 16. O-O Qa5 17. Bc4 Rfe8 18. Bb3 e4 19. Nc4 Qc5 20. Qd2 a5 21.
a4 Rab8 22. Ba2 Nxd5 23. Nxd6 Red8 24. Qxd5 Qxd5 25. Bxd5 Rxd6 26. Rfd1 Rxb2
27. Bxf7+ Kxf7 28. Rxd6 Bxc3 29. Rc1 Ra2 30. Kf1 Bb4 31. Ra6 1-0

[Event "Open13 2007/2008"]
[Site "CDJE13"]
[Date "2008.03.08"]
[Round "8"]
[White "Pierrugues, Laurent"]
[Black "Baquer, Marc"]
[Result "0-1"]
[WhiteElo "1860"]
[BlackElo "1890"]
[PlyCount "98"]

1. Nf3 Nf6 2. g3 g6 3. Bg2 Bg7 4. O-O O-O 5. d3 d6 6. e4 e5 7. Nbd2 Nc6 8. c3
Nh5 9. Nc4 f5 10. exf5 Bxf5 11. Qb3 Kh8 12. Bg5 Qd7 13. Rad1 Bh3 14. d4 Bxg2
15. Kxg2 Qg4 16. Ncd2 e4 17. Qxb7 exf3+ 18. Kh1 Na5 19. Qxc7 Qxg5 20. b4 Rac8
21. Qxa5 Qxa5 22. bxa5 Rxc3 23. Ne4 Ra3 24. Nxd6 Rxa5 25. Ne4 Rd5 26. Nc5 Kg8
27. h4 Rf7 28. Ne6 Re7 29. Ng5 Rxd4 30. Nxf3 Rxd1 31. Rxd1 h6 32. Rd2 Rf7 33.
Kg2 Nf6 34. Re2 Ng4 35. Re4 Nf6 36. Re2 h5 37. Ng5 Rd7 38. Rc2 Bh6 39. Nf3 Ng4
40. Re2 Kf8 41. Rc2 Re7 42. Kf1 Rf7 43. Kg2 Kg7 44. Re2 Bc1 45. Rc2 Be3 46. Re2
Bxf2 47. Rxf2 Nxf2 48. Kxf2 Rb7 49. Ke3 Rb2 0-1

[Event "Open13 2007/2008"]
[Site "CDJE13"]
[Date "2008.03.08"]
[Round "8"]
[White "Crapon, Laurent"]
[Black "Gomez, Guy"]
[Result "0-1"]
[WhiteElo "1810"]
[BlackElo "1650"]
[PlyCount "44"]

1. d4 d5 2. c4 c6 3. Nc3 Nf6 4. Nf3 g6 5. Bf4 Bg7 6. Qc1 h6 7. c5 Ne4 8. h3 g5
9. Be5 f6 10. Bh2 Bf5 11. e3 Nd7 12. b4 a5 13. b5 O-O 14. b6 e5 15. Nxe4 Bxe4
16. Qd1 Re8 17. dxe5 fxe5 18. Rc1 Qe7 19. a4 Nxc5 20. Nxe5 Bxe5 21. Bxe5 Nxa4
22. Bd4 Nxb6 0-1

[Event "Open13 2007/2008"]
[Site "CDJE13"]
[Date "2008.03.08"]
[Round "8"]
[White "Thiers, Jean-Jacques"]
[Black "Montanelli, Tristan"]
[Result "0-1"]
[WhiteElo "1870"]
[BlackElo "1800"]
[PlyCount "86"]

1. d4 d5 2. c4 Nc6 3. Nf3 Bg4 4. e3 e5 5. dxe5 Nxe5 6. Qa4+ Bd7 7. Qd1 Nxc4 8.
Bxc4 dxc4 9. O-O Nf6 10. Nbd2 b5 11. Qc2 g6 12. Rd1 Qe7 13. a4 c6 14. axb5 cxb5
15. b3 Bf5 16. Qc3 Bg7 17. Nd4 O-O 18. Ba3 Nd5 19. Qa5 b4 20. bxc4 bxa3 21.
Qxd5 Rfd8 22. Qa5 Bxd4 23. exd4 Rxd4 24. Nf3 Rxc4 25. Rxa3 Rac8 26. Qxa7 Qxa7
27. Rxa7 Rc1 28. Ra1 Rxd1+ 29. Rxd1 Bg4 30. h3 Bxf3 31. gxf3 Kg7 32. Rd4 Rc5
33. Kg2 Rg5+ 34. Rg4 Kf6 35. Kg3 Rf5 36. Rc4 Rg5+ 37. Rg4 Kf5 38. h4 Rh5 39. f4
Ke4 40. Rg5 f5 41. Rxh5 gxh5 42. f3+ Ke3 43. Kg2 Ke2 0-1

[Event "Open13 2007/2008"]
[Site "CDJE13"]
[Date "2008.03.08"]
[Round "8"]
[White "Corrias, Robert"]
[Black "Reymond, Jean-Francois"]
[Result "0-1"]
[WhiteElo "1820"]
[BlackElo "1690"]
[PlyCount "84"]

1. e4 d5 2. exd5 Qxd5 3. d4 Nf6 4. Nf3 Bg4 5. Be2 e6 6. O-O Nc6 7. c4 Qd8 8.
Nc3 Nb4 9. Re1 c6 10. a3 Na6 11. Qb3 Rb8 12. Bf4 Bd6 13. Bxd6 Qxd6 14. c5 Qd8
15. Rad1 O-O 16. Qa4 Qc8 17. b4 Ra8 18. Bxa6 Bxf3 19. Be2 Bxe2 20. Rxe2 Nd5 21.
Nxd5 exd5 22. Rde1 b5 23. Qd1 a5 24. Re7 axb4 25. axb4 Qf5 26. R1e5 Qf6 27. g3
Qg6 28. h4 h6 29. Kg2 Rac8 30. f4 f5 31. Kh3 Rfe8 32. Qe2 Rxe7 33. Rxe7 Kf8 34.
Re6 Qf7 35. Qe5 Qh5 36. Qd6+ Kg8 37. Re3 Ra8 38. Qxc6 Qg4+ 39. Kg2 Ra2+ 40. Kf1
Qd1+ 41. Re1 Qf3+ 42. Kg1 Qg2# 0-1

[Event "Open13 2007/2008"]
[Site "CDJE13"]
[Date "2008.03.08"]
[Round "8"]
[White "Alard, Francis"]
[Black "Parroco, Pierre-Jean"]
[Result "0-1"]
[WhiteElo "1690"]
[BlackElo "1765"]
[PlyCount "54"]

1. e4 e5 2. Nf3 Nc6 3. Bb5 a6 4. Ba4 Nf6 5. O-O Be7 6. Re1 b5 7. Bb3 d6 8. c3
O-O 9. h3 Na5 10. Bc2 c5 11. b3 Qc7 12. d3 Be6 13. Nbd2 Rfc8 14. Ng5 c4 15.
Nxe6 fxe6 16. b4 cxd3 17. bxa5 dxc2 18. Qxc2 Qxc3 19. Qxc3 Rxc3 20. Nb3 Rac8
21. f3 Nh5 22. Be3 Bh4 23. Bf2 Bxf2+ 24. Kxf2 Nf4 25. Kf1 Rc2 26. Rec1 Nxg2 27.
Rxc2 Rxc2 0-1